Doctrina civil del Tribunal Supremo
Salvato in:
| Autore principale: | |
|---|---|
| Natura: | Libro |
| Lingua: | spagnolo |
| Pubblicazione: |
Madrid
Aguilar
1955
|
| Soggetti: | |
| Tags: |
Aggiungi Tag
Nessun Tag, puoi essere il primo ad aggiungerne!!
|
MARC
| LEADER | 00000nam a2200000 a 4500 | ||
|---|---|---|---|
| 001 | UCS1573 | ||
| 003 | CL-VaPUC | ||
| 008 | 970515e19550000SP |||||||||||||||||spa|d | ||
| 082 | 0 | 4 | |a 346.46 |b ROD |2 21 |
| 100 | 0 | |a Rodríguez Navarro, Manuel |e author |9 386103 | |
| 245 | 1 | 0 | |a Doctrina civil del Tribunal Supremo |
| 300 | |a v | ||
| 942 | |c BK | ||
| 945 | |d 19970515 00:00:00 |a cmena | ||
| 260 | |a Madrid |b Aguilar |c 1955 | ||
| 500 | |a Ap.1: Comprende las resoluciones recaídas en los recursos de casación por infracción de ley y las de la Dirección General de los Registros y del Notariado, desde 1º de enero de 1951 hasta el 15 de julio de 1955, sobre Código Civil y Arrendamientos Urbanos y Rústicos | ||
| 650 | 0 | |a Derecho privado |9 258243 | |
| 650 | 0 | |a Derecho civil |9 255013 | |
| 650 | 0 | |a Código civil |9 256135 | |
| 650 | 0 | |a Derecho español |9 255291 | |
| 650 | 0 | |a Jurisprudencia |9 255952 | |
| 650 | 7 | |a LEGISLACION |2 CL-VaPUC |9 386104 | |
| 650 | 0 | |a Personalidad jurídica |9 315329 | |
| 650 | 7 | |a MATRIMONIO |2 CL-VaPUC |9 386105 | |
| 650 | 0 | |a Matrimonio civil |9 385406 | |
| 650 | 0 | |a Filiación |9 256647 | |
| 650 | 0 | |a Familias |9 255641 | |
| 650 | 0 | |a Propiedad |9 255268 | |
| 650 | 0 | |a Bienes |9 255749 | |
| 650 | 0 | |a Posesión |9 258681 | |
| 650 | 0 | |a Compraventa |9 255413 | |
| 650 | 0 | |a Contratos |9 255153 | |
| 650 | 0 | |a Arrendamiento |9 257654 | |
| 651 | 0 | |a España |9 254926 | |
| 583 | |a last modification |c 19970515 00:00:00 |k Rodrigo Vera | ||
| 999 | |c 259610 |d 259608 | ||
| 952 | |0 0 |1 0 |4 0 |6 346_460000000000000_ROD_1955 |7 0 |8 A |9 284653 |a BIBDER |b BIBDER |d 2019-11-19 |h ap.1 |i 1849905 |o 346.46 ROD 1955 |p 1849905 |r 2019-11-19 |w 2019-11-19 |y BK |k DER | ||